Geography Quiz

Random Geography or World Quiz

Countries by Capitals: B Quiz Stats

 Plays Quiz Updated Apr 18, 2019

Score 0/25 Timer 03:00
0 Plays Today
Question Answer Wrong Answers
Berlin Germany
95.5%
Austria
0.3%
Switzerland
0.4%
Poland
0.2%
Buenos Aires Argentina
95%
Paraguay
0.4%
Colombia
0.5%
Honduras
0.5%
Beijing China
94.9%
Taiwan
0.4%
Japan
0.6%
South Korea
0.3%
Bangkok Thailand
94.8%
Cambodia
0.5%
Myanmar
0.3%
Malaysia
0.7%
Brasília Brazil
93.8%
Ecuador
1.4%
Portugal
0.5%
Democratic Republic of the Congo
0.6%
Brussels Belgium
93.8%
Luxembourg
0.7%
Netherlands
1%
Denmark
0.8%
Bern Switzerland
90%
Liechtenstein
1.9%
Austria
3.5%
Slovenia
0.9%
Budapest Hungary
89.4%
Romania
3.9%
Bulgaria
2.4%
Serbia
0.5%
Bogotá Colombia
87.2%
Mali
0.9%
Mozambique
1.7%
Bolivia
6.4%
Baghdad Iraq
87.1%
Iran
6.6%
Jordan
0.6%
Pakistan
1.9%
Beirut Lebanon
86.6%
Azerbaijan
0.9%
Jordan
3.5%
Kuwait
5%
Bissau Guinea-Bissau
84.3%
Guinea
5.4%
Equatorial Guinea
2.7%
Papua New Guinea
3.6%
Belgrade Serbia
83.3%
Slovakia
3.8%
Slovenia
4.1%
Romania
4.9%
Bucharest Romania
81.7%
Hungary
10.9%
Slovakia
2.1%
Czechia
1.6%
Belmopan Belize
80.2%
Panama
5.2%
Ecuador
5%
Costa Rica
5.1%
Bratislava Slovakia
77.3%
Burundi
1%
Belarus
4.8%
Slovenia
12.9%
Baku Azerbaijan
75%
Afghanistan
2.7%
Zambia
10.3%
The Gambia
7.8%
Bandar Seri Begawan Brunei
65.7%
Timor-Leste
24.2%
Singapore
2.6%
Taiwan
3%
Bridgetown Barbados
63.6%
Guyana
9.8%
Sierra Leone
6.2%
St Vincent and the Grenadines
16.2%
Bangui Central African Republic
63.4%
Republic of the Congo
11.3%
Democratic Republic of the Congo
15.3%
Dominican Republic
5.2%
Bishkek Kyrgyzstan
59.5%
Kazakhstan
12.6%
Afghanistan
1.7%
Uzbekistan
21.8%
Brazzaville Republic of the Congo
57.8%
Democratic Republic of the Congo
32%
Brazil
3.7%
Colombia
2.4%
Banjul The Gambia
56.6%
South Sudan
16%
Sudan
9.2%
Sierra Leone
13.6%
Bamako Mali
56.5%
Mauritania
9.8%
Burkina Faso
21.8%
Guinea
7.3%
Basseterre Saint Kitts and Nevis
52.3%
Antigua and Barbuda
21.3%
Trinidad and Tobago
12.3%
Haiti
9.4%

You're not logged in!

Compare scores with friends on all Sporcle quizzes.
OR
Log In

Sporcle TV

Today on Sporcle TV


Watch our educational content, quiz creation guides, and fun videos on Sporcle TV.

Show Comments

Extras

Top Quizzes Today


Score Distribution

Your Account Isn't Verified!

In order to create a playlist on Sporcle, you need to verify the email address you used during registration. Go to your Sporcle Settings to finish the process.

Report this User

Report this user for behavior that violates our Community Guidelines.

Details: